000 01645nam a2200409 a 4500
001 ebr10492195
003 CaPaEBR
006 m u
007 cr cn|||||||||
008 031029s2004 nmub sb 001 0beng d
010 _z 2003023789
020 _z0826332048 (cloth : alk. paper)
020 _z9780826332042
020 _z9780826332066 (e-book)
040 _aCaPaEBR
_cCaPaEBR
035 _a(OCoLC)630843261
043 _an-mx---
050 1 4 _aF1221.H9
_bM335 2004eb
082 0 4 _a299.7/84544/0092
_aB
_222
100 1 _aKnab, T. J.
245 1 0 _aMad Jesus
_h[electronic resource] :
_bthe final testament of a Huichol messiah from northwest Mexico /
_cTimothy J. Knab.
250 _a1st ed.
260 _aAlbuquerque :
_bUniversity of New Mexico Press,
_c2004.
300 _avii, 279 p. :
_bmap.
504 _aIncludes bibliographical references (p. 272-276) and index.
505 0 _apt. 1. Mad Jesus : Santo Cristo -- pt. 2. The gospel of Mad Jesus -- pt. 3. Resurrecting Jesus.
533 _aElectronic reproduction.
_bPalo Alto, Calif. :
_cebrary,
_d2011.
_nAvailable via World Wide Web.
_nAccess may be limited to ebrary affiliated libraries.
600 0 0 _aMad Jesus.
650 0 _aHuichol Indians
_vBiography.
650 0 _aShamans
_zMexico
_zJalisco
_vBiography.
650 0 _aHuichol Indians
_xReligion.
650 0 _aShamanism
_zMexico
_zJalisco.
650 0 _aNativistic movements
_zMexico
_zJalisco.
655 7 _aElectronic books.
_2local
710 2 _aebrary, Inc.
856 4 0 _uhttp://site.ebrary.com/lib/rucke/Doc?id=10492195
_zAn electronic book accessible through the World Wide Web; click to view
999 _c125819
_d125819